000 00515nam a2200205Ia 4500
003 GCL
008 140319s9999 xx 000 0 eng d
040 _aGCL /
_cGCL
082 0 4 _a759
_bR E
100 1 _aRICH, DANIEL CATTON
245 1 0 _aEDGAR- HILAIRE- GERMAIN DEGAS /
_cRICH, DANIEL CATTON
260 _a[S.N] :
_bTHAMES AND HUDSON ،
_c1989
300 _a126 PP
650 0 4 _aARTS
650 0 4 _aHISTORY AND CRITICISM
650 0 4 _aPAINTING
650 0 4 _aPAINTERS
650 0 4 _aDEGAS
942 _2ddc
_cBK
999 _c18844
_d18844